000 00208 a2200109 4500
020 _a9780822585800
041 _aeng
100 _aConnie Goldsmith
245 _aBattling Malaria
942 _cBK
952 _71
999 _c23266
_d23266